00697nac a22001931u 4500010001600000082001900016090001500035100003400050245007800084260005700162300003400219500002000253500002600273511002600299650003500325942002100360999001500381952010700396 a 8117218800a635.93422bPAD c9684d9684 aPadilla, Victoria. 14aThe colorful bromeliads :btheir infinite variety /cby Victoria Padilla. aLos Angeles, Calif. :bBromeliad Society,1981c1981. a112 p. :bcol. ill. ;c29 cm. aIncludes index. adistributer: Al-Ahram acatalogued by: wessam 0aBromeliaceaexPictorial works. cBBk635.93422PAD c9684d9684 00104070aMAINbMAINc1STd2008-05-28ePurchasel0o635.93422PADp000011737r2025-07-15 00:00:00yBB